000 00372pab a2200145 454500
008 180718b2001 xxu||||| |||| 00| 0 eng d
100 _aBagchi, Sanjoy
245 _aSeattle to Qatar: world trade negotiations
260 _c2001
300 _ap.4045-046
362 _a27 Oct
650 _aInternational trade
773 _aEconomic and Political Weekly
909 _a50373
999 _c50373
_d50373